Statistics for All European Cup/UEFA Champions League Winning Clubs

Click here to take the quiz!

General Stats

  • This quiz has been taken 61 times
  • The average score is 65 of 67

Answer Stats

YearWinning TeamScoreLosing Team% Correct
1974 (r)Bayern Munich4–0Atlético Madrid
100%
1975Bayern Munich (2)2–0Leeds United
100%
1976Bayern Munich (3)1–0Saint-Étienne
100%
2001 (p)Bayern Munich (4)*1–1Valencia
100%
2013Bayern Munich (5)2–1Borussia Dortmund
100%
2020Bayern Munich (6)1–0Paris Saint-Germain
100%
2012 (p)Chelsea*1–1Bayern Munich
100%
2021Chelsea (2)1–0Manchester City
100%
1964Inter Milan3–1Real Madrid
100%
1965Inter Milan (2)1–0Benfica
100%
2010Inter Milan (3)2–0Bayern Munich
100%
1977Liverpool3–1Borussia Mönchengladbach
100%
1978Liverpool (2)1–0Club Brugge
100%
1981Liverpool (3)1–0Real Madrid
100%
1984 (p)Liverpool (4)*1–1Roma
100%
2005 (p)Liverpool (5)*3–3Milan
100%
2019Liverpool (6)2–0Tottenham Hotspur
100%
1968 (AET)Manchester United4–1Benfica
100%
1999Manchester United (2)2–1Bayern Munich
100%
2008 (p)Manchester United (3)*1–1Chelsea
100%
1963Milan2–1Benfica
100%
1969Milan (2)4–1Ajax
100%
1989Milan (3)4–0Steaua București
100%
1990Milan (4)1–0Benfica
100%
1994Milan (5)4–0Barcelona
100%
2003 (p)Milan (6)*0–0Juventus
100%
2007Milan (7)2–1Liverpool
100%
1956Real Madrid4–3Reims
100%
2014 (AET)Real Madrid (10)4–1Atlético Madrid
100%
2016 (p)Real Madrid (11)*1–1Atlético Madrid
100%
2017Real Madrid (12)4–1Juventus
100%
2018Real Madrid (13)3–1Liverpool
100%
2022Real Madrid (14)1–0Liverpool
100%
1957Real Madrid (2)2–0Fiorentina
100%
1958 (AET)Real Madrid (3)3–2Milan
100%
1959Real Madrid (4)2–0Reims
100%
1960Real Madrid (5)7–3Eintracht Frankfurt
100%
1966Real Madrid (6)2–1Partizan
100%
1998Real Madrid (7)1–0Juventus
100%
2000Real Madrid (8)3–0Valencia
100%
2002Real Madrid (9)2–1Bayer Leverkusen
100%
1971Ajax2–0Panathinaikos
96%
1972Ajax (2)2–0Inter Milan
96%
1973Ajax (3)1–0Juventus
96%
1995Ajax (4)1–0Milan
96%
1992 (AET)Barcelona1–0Sampdoria
96%
2006Barcelona (2)2–1Arsenal
96%
2009Barcelona (3)2–0Manchester United
96%
2011Barcelona (4)3–1Manchester United
96%
2015Barcelona (5)3–1Juventus
96%
1997Borussia Dortmund3–1Juventus
96%
1985Juventus1–0Liverpool
96%
1996 (p)Juventus (2)*1–1Ajax
96%
1961Benfica3–2Barcelona
95%
1962Benfica (2)5–3Real Madrid
95%
1993Marseille1–0Milan
95%
1987Porto2–1Bayern Munich
93%
2004Porto (2)3–0Monaco
93%
1967Celtic2–1Inter Milan
89%
1982Aston Villa1–0Bayern Munich
88%
1979Nottingham Forest1–0Malmö FF
88%
1980Nottingham Forest (2)1–0Hamburger SV
88%
1988 (p)PSV Eindhoven*0–0Benfica
86%
1991 (p)Red Star Belgrade*0–0Marseille
84%
1983Hamburger SV1–0Juventus
82%
1970 (AET)Feyenoord2–1Celtic
81%
1986 (p)Steaua București*0–0Barcelona
75%

Score Distribution

Percentile by Number Answered

Percent of People with Each Score

Your Score History

You have not taken this quiz